000 00944nam a2200241Ia 4500
003 OSt
005 20221005103107.0
006 a|||||r|||| 00| 0
007 ta
008 221004b |||||||| |||| 00| 0 hin d
024 _a30172
037 _cTextual
040 _aCRL
_cCRL
_bhin
041 _2hin
_ahin
082 _aR85, 152N9
100 _aमिश्र, हृदयनारायण
245 0 _aपाश्चात्य दर्शन की समस्याएॅं
_b ज्ञान मीमांसा एवं तत्व मीमांसा
246 _aPāshchātya darshan kī samasyāeॅan: jnyān mīmāansā evan tatva mīmāansā
260 _aइलाहाबाद
_bशेखर प्रकाशन भारत
_c1999
300 _a290पृ.
_ccm.
942 _hR85, 152N9
_cTEXL
_2cc
999 _c1009419
_d1009419